00333nam a22001097a 4500008004100000020001500041082001300056245008800069260004900157300001100206440000600217230626b xxu||||| |||| 00| 0 eng d a9966980547 a337bIEA aImplications of an EPA for Kenya's Agricultural Market Access in the European Union aNairobibInstitute of Economic Affairsc2006 aIX,39p n6